| 000 | 007160000a22002170004500 | ||
|---|---|---|---|
| 003 | LK-CoMWRAF | ||
| 005 | 20240203133318.0 | ||
| 008 | 230817t2001 ||||| |||| 00| 0 eng d | ||
| 040 |
_aLK-CoMWRAF _dLK-CoMWRAF _eLK-CoMWRAF |
||
| 041 | _aeng | ||
| 082 |
_a305.23 _bSOU |
||
| 110 | _aSouth Asia Partnership International | ||
| 245 |
_a Commercial sexual exploitation of children : _ba review of south Asia - Maldives perspective 2001 |
||
| 260 |
_aColombo: _bSouth Asia Partnership International, _c2001 |
||
| 300 | _a 46 p. ; 30 cm | ||
| 650 | _aChild prostitution- Maldives | ||
| 650 | _aChild sexual abuse- Maldives | ||
| 700 |
_aKatikaran, Rebecca _eed. |
||
| 700 |
_aArputharaj, W. James _eed. |
||
| 942 | _cBK | ||
| 999 |
_c486 _d486 |
||